Účtovníctvo vyššieho územného celku v aplikácii na konkrétny VÚC (Bratislavský vyšší územný celok) diplomová práca

Enregistré dans:
Détails bibliographiques
Auteur principal: Tóthová, Elena
Collectivité auteur: Fakulta hospodárskej informatiky EU. Katedra účtovníctva a audítorstva
Autres auteurs: Kovalčíková, Antónia
Format: Livre
Langue:slovaque
Publié: Bratislava 2008
Tags: Ajouter un tag
Pas de tags, Soyez le premier à ajouter un tag!

MARC

LEADER 00000nam$a2200000$$$4500
001 0085127
005 20240201120602.7
041 0 |a slo 
044 |a SK 
245 1 0 |a Účtovníctvo vyššieho územného celku v aplikácii na konkrétny VÚC (Bratislavský vyšší územný celok)  |b diplomová práca  |c Elena Tóthová ; škol. Antónia Kovalčíková 
264 1 |a Bratislava  |c 2008 
300 |a 70 s. 
100 1 |a Tóthová, Elena 
700 1 |a Kovalčíková, Antónia 
710 2 |a Fakulta hospodárskej informatiky EU. Katedra účtovníctva a audítorstva